Представление документа в формате MARC21

ПолеНазваниеЗначение
  Тип записи a
  Библиографический уровень m
001 Контрольный номер RU\infra-m\znanium\bibl\2227949
005 Дата корректировки 20260429142233.6
008 Кодируемые данные 251219s2025 RU g rus u
020 Индекс ISBN __
a ISBN 978-5-16-016410-6
020 Индекс ISBN __
a ISBN 978-5-16-106773-4 (электр. издание)
040 Источник каталогиз. __
a Служба первич. каталог. Общество с ограниченной ответственностью «ЗНАНИУМ»
041 Код языка издания __
a Код языка текста rus
044 Код страны публикации __
a Код страны публикации RU
080 Индекс УДК __
a Индекс УДК 327(075.4)
084 Индекс другой классификации/Индекс ББК __
2 Источник индекса rubbk
a Индекс другой классификации/Индекс ББК 66.4(2:54:7)
084 Индекс другой классификации/Индекс ББК __
2 Источник индекса okso
a Индекс другой классификации/Индекс ББК 41.03.04
084 Индекс другой классификации/Индекс ББК __
2 Источник индекса okso
a Индекс другой классификации/Индекс ББК 41.03.05
084 Индекс другой классификации/Индекс ББК __
2 Источник индекса okso
a Индекс другой классификации/Индекс ББК 41.04.04
084 Индекс другой классификации/Индекс ББК __
2 Источник индекса okso
a Индекс другой классификации/Индекс ББК 41.04.05
100 Автор __
a Автор Осинина Д.Д.
q Полное имя Осинина Дарья Дмитриевна
u Дополнение Финансовый университет при Правительстве Российской Федерации
245 Заглавие __
a Заглавие Элитные группы Центральной Азии в большой геополитической «игре» России, КНР и США в начале XXI века
b Продолж. заглавия Монография
c Ответственность Финансовый университет при Правительстве Российской Федерации
250 Сведения об издании __
a Основные сведения об издании 1
260 Выходные данные __
a Место издания Москва
b Издательство ООО "Научно-издательский центр ИНФРА-М"
c Дата издания 2026
300 Физическое описание __
a Объем 147 с.
440 Серия __
a Серия Научная мысль - Финансовый университет
520 Аннотация __
a Аннотация В последние годы Российская Федерация проводит весьма активную внешнюю политику в том числе на постсоветском пространстве. Особый интерес здесь представляет Центрально-Азиатский регион где политические интересы России тесно связаны с экономическими. В продвижении своих интересов в регионе (прежде всего проекта Евразийского экономического союза) наша страна сталкивается с активной «контригрой» крупных геополитических конкурентов: США КНР ЕС. Одновременно в регионе растет роль иных акторов: Турции Ирана Пакистана и Индии. Приоритетным влиянием в странах Центральной Азии обладают элитные сообщества группирующиеся вокруг глав государств. Поэтому с точки зрения продвижения своих политических и экономических инициатив и Россия и Китай и США стремятся заручиться их поддержкой и выстраивают с ними долгосрочные партнерские отношения. В монографии проведен анализ внутриэлитного расклада сил в Казахстане и Узбекистане на основе которого даны краткосрочный и среднесрочный прогнозы развития политической ситуации в двух вышеназванных Центрально-Азиатских республиках и соответствующие рекомендации для модернизации внешнеполитического курса Российской Федерации в регионе.
521 Примеч. о цел. назн. __
a Примеч. о целев. назн. Дополнительное профессиональное образование
650 Тематические рубрики __
a Основная рубрика Политика. Социология
x Основная подрубрика Геополитика
655 Указ. предметных рубрик (устаревшее) __
a Жанр/ форма (устаревшее) Монография
856 Электронный адрес документа 4_
a Имя сервера/домена znanium.ru
m Помощь ebs_support@infra-m.ru
n Местонахождение сервера НИЦ ИНФРА-М
u URL https://znanium.ru/catalog/document?id=470891
856 Электронный адрес документа 48
a Имя сервера/домена znanium.ru
d Путь /cover/2227
f Электронное имя 2227949.jpg
q Тип электронного формата image/jpeg
u URL https://znanium.ru/cover/2227/2227949.jpg
911 __
u 0030=https://znanium.ru/catalog/document?id=470891